00765 2200169 4500245003900000020002200039250001100061100001200072650001700084005001900101260004200120041001400162084001100176300002300187500037600210336000900586 aInsya Allah , Sah !cAchi TMhText a978-602-03-1465-5 aCet. 3 aAchi TM aNovel Remaja a20240124112516 aJakartabGramedia Pustaka Utamac2017 aIndonesia a808.83 a328 hlm. :c20 cm. aSilvi terjebak dalam lift bersama Raka. Karena panik, Silvi bernazar akan memakai jilbab kalau bisa keluar dari lift. Masalahnya, bagaimana mungkin ia-desainer sekaligus pemilik Silviana Sexy Boutique yang beromzet miliaran bisa memenuhi nazar untuk berjilbab? Gila aja, kan?! Tapi, menurut Raka nazar harus dipenuhi, kalau tidak, kesialan beruntun akan terus menimpanya. atext